Informe país sobre la calidad de la ciudadanía en México /

El Informe País sobre calidad de vida de la ciudadanía en México es una investigación sobre cómo viven la ciudadanía los mexicanos, basado en una amplia encuesta realizada en 2013. Reveló la forma en que se ejercen los derechos en México, más allá de las cuestiones político-electorales, en un contex...

Celý popis

Uloženo v:
Podrobná bibliografie
Hlavní autor: Somuano Ventura, María Fernanda (coordinación)
Další autoři: Córdova, Lorenzo (presentación) (presentación)
Médium: Kniha
Jazyk:španělština
Vydáno: México : Instituto Nacional Electoral : El Colegio de México, 2015, c2015
Témata:
Tagy: Přidat tag
Žádné tagy, Buďte první, kdo vytvoří štítek k tomuto záznamu!

MARC

LEADER 00000nam^a2200000^a^4500
001 000393341
005 20250521000000.0
009 20260526143248.412
020 |a 978-607-9218-34-8 
037 |a Acervo ITESO - Biblioteca 
041 |a ESP 
082 |a 323. 042  |b INF 2015 
100 |a Somuano Ventura, María Fernanda  |e (coordinación) 
240 1 1 |a [Informe país sobre la calidad de la ciudadanía en México] 
245 1 0 |a Informe país sobre la calidad de la ciudadanía en México /  |c Coord. de M.F. Somuano Ventura ; presen. de L. Córdova. 
264 4 |a México :  |b Instituto Nacional Electoral :  |b El Colegio de México,  |c 2015, c2015 
300 |a 277 p. 
336 |a texto  |b txt  |2 rdacontenido 
337 |a sin mediación  |b n  |2 rdamedio 
338 |a volumen  |b nc  |2 rdasoporte 
520 |a El Informe País sobre calidad de vida de la ciudadanía en México es una investigación sobre cómo viven la ciudadanía los mexicanos, basado en una amplia encuesta realizada en 2013. Reveló la forma en que se ejercen los derechos en México, más allá de las cuestiones político-electorales, en un contexto permanente de pobreza, desigualdad e inseguridad pública, en un país donde persisten el autoritarismo y el clientelismo. Se identifican las prácticas cotidianas por las que el ciudadano se vincula con el Estado de derecho y participa en las actividades políticas, comunitarias y familiares. 
649 |a XX 
650 |a Sociedad Civil -  |z México -  |x Tema Principal 
650 |a Abstencionismo -  |z México 
650 |a Participación Política -  |z México 
650 |a Redes Sociales -  |z México 
650 |a Seguridad Pública -  |z México 
650 |a Estado de Derecho -  |z México 
650 |a Elecciones -  |z México 
650 |a Igualdad y Desigualdad -  |z México 
650 |a Justicia e Injusticia -  |z México 
650 |a Democracia -  |z México -  |x Tema Principal 
650 |a Cultura Política -  |z México -  |x Tema Principal 
650 |a Política -  |z México 
650 |a México -  |x Condiciones Políticas 
700 |a Córdova, Lorenzo  |e (presentación) 
910 |a Fondo General 
920 |a Impresos - Libros 
930 |a Colección General 
905 |a 101 
901 |a 0500288130  |b IT1  |c ACC  |i D87391  |u 20250521 
901 |a 0500289331  |b IT1  |c ACC  |i D76651  |u 20250521 
902 |a https://opac.biblio.iteso.mx/vufind/Record/000393341